|
|
|
|
| LEADER |
01915nam a2200457 a 4500 |
| 001 |
EBC3386208 |
| 003 |
MiAaPQ |
| 005 |
20200520144314.0 |
| 006 |
m o d | |
| 007 |
cr cn||||||||| |
| 008 |
070928s2007 enk sb 001 0 eng d |
| 010 |
|
|
|z 2007280569
|
| 020 |
|
|
|z 9780745324456 (hbk.)
|
| 020 |
|
|
|z 0745324452 (hbk.)
|
| 020 |
|
|
|z 9780745324449 (pbk.)
|
| 020 |
|
|
|z 0745324444 (pbk.)
|
| 020 |
|
|
|a 9781849642958 (electronic bk.)
|
| 035 |
|
|
|a (MiAaPQ)EBC3386208
|
| 035 |
|
|
|a (Au-PeEL)EBL3386208
|
| 035 |
|
|
|a (CaPaEBR)ebr10479689
|
| 035 |
|
|
|a (CaONFJC)MIL200596
|
| 035 |
|
|
|a (OCoLC)656251793
|
| 040 |
|
|
|a MiAaPQ
|c MiAaPQ
|d MiAaPQ
|
| 050 |
|
4 |
|a HD59
|b .T476 2007
|
| 082 |
0 |
4 |
|a 629.285
|2 22
|
| 245 |
0 |
0 |
|a Thinker, faker, spinner, spy
|h [electronic resource] :
|b corporate PR and the assault on democracy /
|c edited by William Dinan and David Miller.
|
| 260 |
|
|
|a London ;
|a Ann Arbor, Mich. :
|b Pluto Press,
|c 2007.
|
| 300 |
|
|
|a viii, 324 p.
|
| 504 |
|
|
|a Includes bibliographical references and index.
|
| 505 |
0 |
|
|a Pt. 1. Global corporate power and corporate spin -- pt. 2. How corporations use spin to undermine democracy -- pt. 3. The subterranean world of the power brokers -- pt. 4. Fighting back : campaigning against the spin and rolling back corporate power.
|
| 533 |
|
|
|a Electronic reproduction. Ann Arbor, MI : ProQuest, 2015. Available via World Wide Web. Access may be limited to ProQuest affiliated libraries.
|
| 650 |
|
0 |
|a Corporations
|x Public relations
|x Political aspects.
|
| 650 |
|
0 |
|a Corporations
|x Political activity.
|
| 650 |
|
0 |
|a Corporate power.
|
| 650 |
|
0 |
|a Business intelligence.
|
| 650 |
|
0 |
|a Business and politics.
|
| 655 |
|
4 |
|a Electronic books.
|
| 700 |
1 |
|
|a Dinan, William.
|
| 700 |
1 |
|
|a Miller, David,
|d 1964-
|
| 710 |
2 |
|
|a ProQuest (Firm)
|
| 856 |
4 |
0 |
|u https://ebookcentral.proquest.com/lib/matrademy/detail.action?docID=3386208
|z Click to View
|